01001nam a2200265 a 450000100100000000500170001000800410002704000250006808200250009310000360011824501050015425000110025926000460027030000210031649000480033765000270038565000300041270000370044270000370047983000570051691000070057304900090058095201290058999900170071800001937520200929170010.0100626s1976 ag 000 d spa d aDO-SdBNPbspacBNPHU a842.914bC211m, 19761 aCamus, Albert,d1913-19609423113aEl Malentendido Calígula /cAlbert Camus ; traducción de Aurora Bernárdez, Guillermo de Torre. a8a ed. aBuenos Aires, Argentina :bLosada,c1976. a114 p. ;c18 cm.1 aBiblioteca clásica y contemporáneav396 4aTeatro francés95359 4aLiteratura francesa910741 aBernárdez, Aurora,etr.9134341 aTorre, Guillermo de,etr.941620 0aBiblioteca clásica y contemporánea ;v396913431 aWM aBNGR 001054708MOaGRbGRcHDd2010-06-26iLF1l0o842.914 C211m, 1976p19375-10r2020-06-25w2020-06-25y4ZPréstamo en sala c18892d18892